<?xml version="1.0" encoding="UTF-8"?>
<record
    xmlns:xsi="http://www.w3.org/2001/XMLSchema-instance"
    xsi:schemaLocation="http://www.loc.gov/MARC21/slim http://www.loc.gov/standards/marcxml/schema/MARC21slim.xsd"
    xmlns="http://www.loc.gov/MARC21/slim">

  <leader>01320nam a2200193 a 4500</leader>
  <controlfield tag="008">161215e2010    ag ||||| |||| 00| j spa d</controlfield>
  <datafield tag="020" ind1=" " ind2=" ">
    <subfield code="a">9789875035324</subfield>
  </datafield>
  <datafield tag="092" ind1=" " ind2=" ">
    <subfield code="c">808.5</subfield>
    <subfield code="l">10</subfield>
    <subfield code="s">CAR</subfield>
  </datafield>
  <datafield tag="100" ind1="1" ind2=" ">
    <subfield code="a">Carver, Raymond</subfield>
    <subfield code="9">3087</subfield>
  </datafield>
  <datafield tag="245" ind1=" " ind2=" ">
    <subfield code="a">Catedral y otros cuentos /</subfield>
    <subfield code="c">Raymond Carver</subfield>
  </datafield>
  <datafield tag="250" ind1=" " ind2=" ">
    <subfield code="a">1a ed.</subfield>
    <subfield code="b">Traducci&#xF3;n Jes&#xFA;s Zulaika</subfield>
  </datafield>
  <datafield tag="260" ind1=" " ind2=" ">
    <subfield code="a">Buenos Aires:</subfield>
    <subfield code="b">Editorial Anagrama ; P&#xE1;gina 12;</subfield>
    <subfield code="c">2010.</subfield>
  </datafield>
  <datafield tag="300" ind1=" " ind2=" ">
    <subfield code="a">160 p.</subfield>
  </datafield>
  <datafield tag="500" ind1=" " ind2=" ">
    <subfield code="a">Carver, R. (2010). Catedral y otros cuentos. (1a ed.). Buenos Aires : Editorial Anagrama ; P&#xE1;gina 12.</subfield>
  </datafield>
  <datafield tag="505" ind1=" " ind2=" ">
    <subfield code="a">Minimalismo, realismo sucio, genialidad, cuentos retocados magistralmente por un editor, &#xED;cono de la chatura americana, el otro Anton Chejov del siglo XX. Estas son algunas de las etiquetas que apuntan a dar cuenta del encanto, del &#xE9;xito y sobre todo del estilo de Raymond Carver. Lo cierto es que sus obras constituyen una lectura imprescindible para quier quiera gozar y comprender los caminos de la literatura contempor&#xE1;nea. Esta selecci&#xF3;n, que incluye cuentos de dos de sus libros mas celebrados, &#xBF;Quieres hacer el favor de callarte, por favor? y Catedral, presenta la voz inconfundible, y tantas veces torpemente imitadas, de una escritor fascinante. </subfield>
  </datafield>
  <datafield tag="590" ind1=" " ind2=" ">
    <subfield code="a">Proyecto 4to libro. Donaci&#xF3;n Lillo Gisela</subfield>
  </datafield>
  <datafield tag="655" ind1=" " ind2=" ">
    <subfield code="a">Cuentos</subfield>
    <subfield code="9">2945</subfield>
  </datafield>
  <datafield tag="942" ind1=" " ind2=" ">
    <subfield code="2">ddc</subfield>
    <subfield code="c">LIT</subfield>
  </datafield>
  <datafield tag="999" ind1=" " ind2=" ">
    <subfield code="c">2275</subfield>
    <subfield code="d">2275</subfield>
  </datafield>
  <datafield tag="952" ind1=" " ind2=" ">
    <subfield code="0">0</subfield>
    <subfield code="1">0</subfield>
    <subfield code="2">ddc</subfield>
    <subfield code="4">0</subfield>
    <subfield code="7">0</subfield>
    <subfield code="8">FIC</subfield>
    <subfield code="a">BFM</subfield>
    <subfield code="b">BFM</subfield>
    <subfield code="c">CR</subfield>
    <subfield code="d">2016-12-15</subfield>
    <subfield code="e">Donaci&#xF3;n Lilli Gisela, 2016.</subfield>
    <subfield code="l">1</subfield>
    <subfield code="o">808.5 10 CAR</subfield>
    <subfield code="p">3732</subfield>
    <subfield code="r">2019-02-12</subfield>
    <subfield code="s">2018-12-20</subfield>
    <subfield code="t">Ej. 1</subfield>
    <subfield code="w">2016-12-15</subfield>
    <subfield code="y">LIT</subfield>
    <subfield code="z">Proyecto 4to libro. Donaci&#xF3;n Lillo, Gisela</subfield>
  </datafield>
</record>
